Historic People, Events and Places - Statistics

General Stats
  • This quiz has been taken 37 times
    25 since last reset
  • The average score is 20 of 34
Answer Stats
Hint Answer % Correct
What year was the Cuban Missile Crisis? 1962
91%
US general in WW2, who also served 2 terms as President Dwight D Eisenhower
91%
Name of the only president to serve for more than 2 terms in the USA Franklin D Roosevelt
91%
Renowed Admiral during Battle of Trafalgar Horatio Nelson
87%
Last president of the USSR before collapse Mikhail Gorbachev
87%
Inventor of the light bulb Thomas Edison
87%
Famous ancient king of Macedon. Alexander the Great
83%
^This man's teacher Aristotle
83%
First emperor of the Roman Empire Augustus
78%
French emperor during these times ^^^ Napoleon Bonaparte
78%
Soviet president during this time ^^ Nikita Khrushchev
78%
Signing of Declaration of Independence 1776
74%
When was Lincoln assasinated? 1865
70%
Man who believed the Earth rotated around the sun. Galileo
70%
President after this man ^^ Harry Truman
70%
Current Duke of Edinburgh Prince Phillip
70%
Start of the American Civil War 1861
65%
Man who yelled Eureka! Ancient greek mathematician. Archimedes
65%
Name of the bomber which dropped a nuclear bomb on Hiroshima Enola Gay
65%
How many children did Kronos, Greek Titan, eat? 6
61%
First person to break the sound barrier Chuck Yeager
61%
When was the last apollo mission? 1972
57%
Amount of coalitions formed during Napoleonic Wars 7
48%
Greek god of music Apollo
43%
Who painted the School of Athens? (Italian Painter) Raphael
43%
Last time Arsenal won the Premier League 2004
30%
When was the first crusade? 1096
22%
How many people have seen the full curvature of the Earth? 24
22%
Country which surrendered in 6 hours during WW2 Denmark
22%
Painter of the Birth of Venus. (Another Italian Artist) Sandro Boticelli
22%
What did Orpheus, mythical and legendary musician, first play? Lyre
17%
Bloodiest single day of fighting in the Napoleonic Wars (Name the battle) Borodino
9%
The path where Australians fought to keep the Japanese away from Port Moresby Kokoda Trail
9%
Painter of the sistine chapel Micelangelo
4%
No matching quizzes found
Score Distribution
Percent of People with Each Score
Percentile by Number Answered
Your Score History
You have not taken this quiz since the last reset